AH International Schools' Libraries

Child story (KHMER) / (Record no. 50325)

MARC details
000 -LEADER
fixed length control field 00242nam a2200097 4500
100 ## - MAIN ENTRY--PERSONAL NAME
Personal name Sok, Ramlin
9 (RLIN) 87328
245 ## - TITLE STATEMENT
Title Child story (KHMER) /
Statement of responsibility, etc Ramlin Sok
260 ## - PUBLICATION, DISTRIBUTION, ETC. (IMPRINT)
Place of publication, distribution, etc Cambodia
Name of publisher, distributor, etc PDH
Date of publication, distribution, etc 2025
300 ## - PHYSICAL DESCRIPTION
Extent 8 p.
Other physical details col. ill.
Dimensions 27 cm.
942 ## - ADDED ENTRY ELEMENTS (KOHA)
Source of classification or shelving scheme
Koha item type Book
Holdings
Withdrawn status Lost status Source of classification or shelving scheme Damaged status Not for loan Collection code Home library Current library Shelving location Date acquired Total Checkouts Full call number Barcode Date last seen Price effective from Koha item type
          Siem Riep Asian Hope Early Years Library Asian Hope Early Years Library Easy Reading 03/26/2026   KHMER E SOK 209505 03/26/2026 03/26/2026 Book

For any Logos Library related questions please contact Miss Art at swongnarasuk@asianhope.org.

For any Asian Hope Library related questions please contact Miss Raza at graza@asianhope.org.

Powered by Koha